Knitwear garment exports from Tirupur-a study of its problems and prospects (Record no. 16246)

MARC details
000 -LEADER
fixed length control field 00559nam a2200181Ia 4500
082 ## - DEWEY DECIMAL CLASSIFICATION NUMBER
Classification number TK 0425
100 ## - MAIN ENTRY--AUTHOR NAME
Personal name Karuppusamy, R.K.
245 #0 - TITLE STATEMENT
Title Knitwear garment exports from Tirupur-a study of its problems and prospects
260 ## - PUBLICATION, DISTRIBUTION, ETC. (IMPRINT)
Year of publication 2010
Place of publication Pondicherry University
300 ## - PHYSICAL DESCRIPTION
Number of Pages 288
504 ## - BIBLIOGRAPHY, ETC. NOTE
Bibliography, etc includes bibliography
650 ## - SUBJECT ADDED ENTRY--TOPICAL TERM
Topical Term Clothing trade
Geographic subdivision India
-- Tirupur
650 ## - SUBJECT ADDED ENTRY--TOPICAL TERM
Topical Term Clothing factories
Geographic subdivision India
-- Tirupur
650 ## - SUBJECT ADDED ENTRY--TOPICAL TERM
Topical Term Clothing workers
Geographic subdivision India
-- Tirupur
650 ## - SUBJECT ADDED ENTRY--TOPICAL TERM
Topical Term Textile Industry
Geographic subdivision India
-- Tirupur
710 ## - ADDED ENTRY--CORPORATE NAME
Corporate name or jurisdiction name as entry element Palanichamy, P
942 ## - ADDED ENTRY ELEMENTS (KOHA)
Koha item type Thesis
Source of classification or shelving scheme Dewey Decimal Classification
Holdings
Withdrawn status Lost status Damaged status Not for loan Home library Current library Date acquired Bill Date Full call number Accession Number Price effective from Koha item type
        NASSDOC Library NASSDOC Library 07/05/2012 2012-05-02 TK 0425 47659 18/04/2019 Thesis